[Event "30th 4NCL Congress"]
[Site "Daventry"]
[Date "2023.06.17"]
[Round "3"]
[Board "6"]
[White "Tart, Peter K"]
[Black "O'Gorman, Brendan"]
[Result "1-0"]
[WhiteElo "1968"]
[BlackElo "1803"]
[PlyCount "67"]
[EventDate "2023.06.16"]
[EventRounds "5"]
[EventCountry "ENG"]

1. e4 c5 2. Nc3 e6 3. f4 Nc6 4. Nf3 d5 5. Bb5 Nge7 6. exd5 Nxd5 7. Bxc6+ bxc6 8.
O-O Be7 9. Ne5 Qc7 10. d3 O-O 11. Ne4 Rb8 12. c4 Nf6 13. b3 Rd8 14. Ng5 Rf8 15. Bb2
h6 16. Ne4 Nxe4 17. dxe4 Rd8 18. Qh5 Bf6 19. Rad1 Bb7 20. Bc3 Rxd1 21. Rxd1 Rd8 22.
Rxd8+ Bxd8 23. Nd3 Qd6 24. Qe5 Qxe5 25. Bxe5 Be7 26. Bb8 a5 27. a4 f6 28. Bc7 Kf7
29. Bxa5 Bd6 30. Bb6 e5 31. f5 g6 32. Bxc5 Bxc5+ 33. Nxc5 Bc8 34. fxg6+  1-0

[Event "30th 4NCL Congress"]
[Site "Daventry"]
[Date "2023.06.17"]
[Round "3"]
[Board "7"]
[White "Dos Santos Silva, Bruno Alexandre"]
[Black "Gibbs, Dominic V"]
[Result "0-1"]
[WhiteElo "1786"]
[BlackElo "1953"]
[PlyCount "58"]
[EventDate "2023.06.16"]
[EventRounds "5"]
[EventCountry "ENG"]

1. d4 e6 2. Nc3 d5 3. Bf4 a6 4. e3 Nf6 5. g4 c5 6. g5 Nfd7 7. Nf3 Nc6 8. Bg2 b5 9.
O-O Bb7 10. Re1 b4 11. Ne2 Be7 12. Ng3 h6 13. g6 O-O 14. gxf7+ Rxf7 15. Qd3 cxd4
16. Bxh6 Nde5 17. Nxe5 Nxe5 18. Qxd4 Bf6 19. Qxb4 gxh6 20. Rad1 Qf8 21. Qb6 Re8 22.
Nh5 Bh4 23. Nf4 Nc4 24. Qb3 Qg7 25. c3 Bc6 26. Re2 Rb7 27. Qc2 Rxb2 28. Qd3 Ne5 29.
Qxa6 Bb5  0-1

[Event "30th 4NCL Congress"]
[Site "Daventry"]
[Date "2023.06.17"]
[Round "3"]
[Board "9"]
[White "Sheikh, Nasarullah"]
[Black "Vaidyanathan, Sathya"]
[Result "1-0"]
[WhiteElo "1869"]
[BlackElo "1635"]
[PlyCount "91"]
[EventDate "2023.06.16"]
[EventRounds "5"]
[EventCountry "ENG"]

1. e4 e5 2. Nf3 Nc6 3. b3 Bc5 4. Bb2 d6 5. Be2 Nf6 6. d3 Bg4 7. Nbd2 Qd7 8. O-O O-O
9. a3 a6 10. b4 Ba7 11. c4 Bxf3 12. Nxf3 Nd4 13. Nxd4 Bxd4 14. Bxd4 exd4 15. f4 c5
16. bxc5 dxc5 17. e5 Ne8 18. Bf3 Rb8 19. a4 Nc7 20. Rb1 b5 21. axb5 axb5 22. cxb5
Rxb5 23. Rxb5 Qxb5 24. Qc2 Rb8 25. Rc1 Ne6 26. f5 Nf4 27. Be4 Qb2 28. Qxb2 Rxb2 29.
Rxc5 g6 30. Rc8+ Kg7 31. f6+ Kh6 32. Rc7 Rb1+ 33. Kf2 Rb2+ 34. Kg3 Ne2+ 35. Kg4 Rb5
36. Re7 Nc3 37. Kf3 Ra5 38. g4 Kg5 39. Rxf7 Rxe5 40. h4+ Kxh4 41. Rxh7+ Kg5 42. f7
Nxe4 43. dxe4 Re7 44. f8=Q Rxh7 45. Qf4+ Kh4 46. g5+  1-0

[Event "30th 4NCL Congress"]
[Site "Daventry"]
[Date "2023.06.17"]
[Round "3"]
[Board "10"]
[White "Vaidyanathan, Adithya"]
[Black "Mehta, Sophie"]
[Result "1-0"]
[WhiteElo "1861"]
[BlackElo "1464"]
[PlyCount "67"]
[EventDate "2023.06.16"]
[EventRounds "5"]
[EventCountry "ENG"]

1. Nf3 Nf6 2. d4 g6 3. c4 Bg7 4. Nc3 d5 5. cxd5 Nxd5 6. e4 Nxc3 7. bxc3 c5 8. Bb5+
Bd7 9. Bxd7+ Nxd7 10. O-O O-O 11. Be3 cxd4 12. cxd4 Nf6 13. e5 Nd5 14. Bd2 Rc8 15.
Qb3 Nb6 16. Rac1 Qd5 17. Qxd5 Nxd5 18. Rb1 b6 19. Rfc1 e6 20. Ng5 Bh6 21. f4 Rfd8
22. g3 Ne7 23. Be3 Nf5 24. Kf2 Rxc1 25. Rxc1 Nxd4 26. Ne4 Bf8 27. g4 h6 28. Rc4 Nb5
29. a4 Na3 30. Rc7 Ra8 31. Nd6 f6 32. Ne4 fxe5 33. Nf6+ Kh8 34. Rh7#  1-0

[Event "30th 4NCL Congress"]
[Site "Daventry"]
[Date "2023.06.17"]
[Round "3"]
[Board "11"]
[White "Bowman, Richard L"]
[Black "Wong, Conan"]
[Result "0-1"]
[WhiteElo "1850"]
[BlackElo "1427"]
[PlyCount "120"]
[EventDate "2023.06.16"]
[EventRounds "5"]
[EventCountry "ENG"]

1. d4 Nf6 2. Bf4 g6 3. Nc3 d5 4. Nf3 Bg7 5. Qd2 O-O 6. Bh6 c5 7. Bxg7 Kxg7 8. e3
cxd4 9. exd4 Nc6 10. h4 h5 11. Ne5 Qb6 12. O-O-O Bf5 13. f3 Nb4 14. Bd3 Nxd3+ 15.
Nxd3 Qxd4 16. Qg5 Qb6 17. g4 Bxd3 18. Rxd3 d4 19. Ne2 Rad8 20. Qe5 Rd5 21. Qf4 e5
22. Qg3 Rc8 23. gxh5 Nxh5 24. Qg4 Rdc5 25. Rd2 Qc6 26. Qe4 Qxe4 27. fxe4 d3 28. Nc3
b5 29. Rxd3 b4 30. Nd5 Rxc2+ 31. Kb1 a5 32. Ne7 R8c5 33. Rg1 Nf4 34. Rdd1 Rh2 35.
Rc1 Rxc1+ 36. Rxc1 Nd3 37. Rg1 Rxb2+ 38. Ka1 Re2 39. h5 Re1+ 40. Rxe1 Nxe1 41. hxg6
fxg6 42. Nc6 Nd3 43. Nxa5 g5 44. Kb1 g4 45. Nc4 g3 46. Ne3 Kf6 47. Kc2 Nc5 48. Kd2
Nxe4+ 49. Ke2 Nc3+ 50. Kf3 Nxa2 51. Kxg3 Nc3 52. Kf3 Ke6 53. Nc4 Kd5 54. Nb2 Kd4
55. Kf2 e4 56. Ke1 b3 57. Kd2 e3+ 58. Ke1 Nd5 59. Ke2 Nf4+ 60. Kd1 Nd3  0-1

[Event "30th 4NCL Congress"]
[Site "Daventry"]
[Date "2023.06.17"]
[Round "3"]
[Board "14"]
[White "Drukarczyk, Kacper"]
[Black "Dunkley, Michael"]
[Result "1/2-1/2"]
[WhiteElo "1618"]
[BlackElo "1868"]
[PlyCount "62"]
[EventDate "2023.06.16"]
[EventRounds "5"]
[EventCountry "ENG"]

1. c4 e5 2. g3 d6 3. Bg2 Nc6 4. Nc3 Be6 5. d3 g6 6. Bd2 Bg7 7. Rb1 Nf6 8. Ne4 Nxe4
9. Bxe4 O-O 10. Bg2 Qd7 11. Nf3 Bh3 12. O-O Bxg2 13. Kxg2 d5 14. cxd5 Qxd5 15. a3
Rad8 16. Bc3 Rfe8 17. Qc2 Rd7 18. Rfe1 Nd4 19. Bxd4 exd4 20. Qc4 Qxc4 21. dxc4 Kf8
22. b4 d3 23. exd3 Rxd3 24. Rxe8+ Kxe8 25. Re1+ Kd7 26. Re3 Rxe3 27. fxe3 Bb2 28.
a4 h6 29. Ne1 a5 30. Nd3 Bc3 31. b5 b6  1/2-1/2

[Event "30th 4NCL Congress"]
[Site "Daventry"]
[Date "2023.06.17"]
[Round "3"]
[Board "15"]
[White "Pyun, Lindsay"]
[Black "Smith, Andrew PE"]
[Result "1-0"]
[WhiteElo "1808"]
[BlackElo "1765"]
[PlyCount "117"]
[EventDate "2023.06.16"]
[EventRounds "5"]
[EventCountry "ENG"]

1. e4 e5 2. Nf3 Nc6 3. Bc4 Nf6 4. d3 d5 5. exd5 Nxd5 6. c3 Bg4 7. h3 Bh5 8. Qe2 Be7
9. g4 Bg6 10. Nxe5 Nxe5 11. Qxe5 Nb6 12. O-O O-O 13. Bb3 Re8 14. d4 Bd6 15. Qg5 Be7
16. Qf4 Bd6 17. Qf3 Qh4 18. Be3 Nd7 19. Nd2 Nf6 20. c4 c6 21. Rac1 Re7 22. Bc2 Bxc2
23. Rxc2 Rae8 24. Kg2 Ne4 25. Nxe4 Rxe4 26. Rd1 h6 27. d5 c5 28. b3 b6 29. Re2 Kf8
30. Rde1 Kg8 31. Bd2 Rxe2 32. Rxe2 Rxe2 33. Qxe2 Qf6 34. Qe3 Be5 35. Qf3 Qd6 36.
Bc3 Bxc3 37. Qxc3 f6 38. Qe3 Kf7 39. f4 g5 40. Kf3 gxf4 41. Qxf4 Qe7 42. Qxh6 Qe1
43. Qe3 Qf1+ 44. Kg3 Qd1 45. h4 Kg7 46. g5 fxg5 47. hxg5 Kg6 48. Kf4 Qf1+ 49. Ke5
Qa1+ 50. Kd6 Qd4 51. Qe6+ Kxg5 52. Qe5+ Kg6 53. Qe6+ Kg5 54. Kd7 Kf4 55. d6 Qg7+
56. Kc6 Qg2+ 57. Qd5 Qg6 58. Kc7 Qh7+ 59. d7  1-0

[Event "30th 4NCL Congress"]
[Site "Daventry"]
[Date "2023.06.17"]
[Round "3"]
[Board "16"]
[White "Harrison, Oliver"]
[Black "Holmes, Matthew A"]
[Result "0-1"]
[WhiteElo "1704"]
[BlackElo "1845"]
[PlyCount "122"]
[EventDate "2023.06.16"]
[EventRounds "5"]
[EventCountry "ENG"]

1. e4 e6 2. c4 d5 3. cxd5 exd5 4. exd5 Nf6 5. Bb5+ Nbd7 6. Nc3 Bd6 7. Qe2+ Qe7 8.
d4 O-O 9. Qxe7 Bxe7 10. Nf3 Nb6 11. O-O Nbxd5 12. Bg5 h6 13. Bh4 c6 14. Bc4 Be6 15.
Rfe1 Bb4 16. Rac1 g5 17. Bg3 Nxc3 18. Rxe6 fxe6 19. Bxe6+ Kg7 20. bxc3 Ba5 21. Be5
Rfe8 22. Bf5 Re7 23. Bd6 Re2 24. a3 Rae8 25. Bd3 Rb2 26. Ne5 Rd2 27. Bf1 Bb6 28.
Nc4 Ra2 29. Be5 Re7 30. Nd6 Rxe5 31. dxe5 Rxf2 32. Kh1 Ng4 33. Nc4 Bc7 34. Kg1 Rf8
35. Re1 Re8 36. h3 Nxe5 37. Kf2 Rf8+ 38. Kg1 Nxc4 39. Re7+ Rf7 40. Rxf7+ Kxf7 41.
Bxc4+ Kf6 42. Bd3 Ke5 43. Kf2 Ba5 44. c4 Kd4 45. Be2 Kc3 46. Kf3 Kb3 47. Kg4 Kxa3
48. Kh5 Bd8 49. Kxh6 Kb4 50. Kg6 a5 51. Kf5 a4 52. Bd3 Kc3 53. Bb1 Kxc4 54. g4 Kb3
55. h4 gxh4 56. g5 Bxg5 57. Kxg5 h3 58. Kh4 h2 59. Be4 a3 60. Kh3 a2 61. Kxh2 a1=Q
 0-1

[Event "30th 4NCL Congress"]
[Site "Daventry"]
[Date "2023.06.18"]
[Round "4"]
[Board "1"]
[White "Brown, Tom"]
[Black "Foster, James C"]
[Result "1-0"]
[WhiteElo "1989"]
[BlackElo "1986"]
[PlyCount "115"]
[EventDate "2023.06.16"]
[EventRounds "5"]
[EventCountry "ENG"]

1. d4 d6 2. e4 Nf6 3. Nc3 Nbd7 4. Nf3 e5 5. Bc4 h6 6. O-O c6 7. a4 Be7 8. Qe2 O-O
9. h3 Re8 10. dxe5 dxe5 11. Rd1 Qc7 12. Be3 Nf8 13. Nd2 N6h7 14. Nb3 Ng6 15. Qh5
Nhf8 16. Rd2 b6 17. a5 b5 18. Bf1 Ne6 19. g3 Bd7 20. Rad1 Red8 21. Qe2 Ngf8 22. Kg2
Bb4 23. Ra1 Rab8 24. f3 Ng5 25. Kh2 Be6 26. h4 Bxb3 27. cxb3 Nge6 28. Rxd8 Rxd8 29.
Qf2 Nd4 30. Bxd4 exd4 31. Ne2 Bxa5 32. Nf4 Bb6 33. Rc1 Qd6 34. Qc2 g5 35. hxg5 hxg5
36. Nd3 Rc8 37. Bh3 Rc7 38. Nf2 Ng6 39. Ng4 Kg7 40. Qd2 f6 41. Ne3 Nh4 42. Bg4 Kf8
43. Nf5 Nxf5 44. Bxf5 c5 45. Kg2 c4 46. bxc4 bxc4 47. Rh1 Rg7 48. Rh8+ Ke7 49. Qc1
Bc7 50. Rh3 Qb4 51. Rh1 Be5 52. Rd1 d3 53. Rd2 Rg8 54. Rf2 Bd4 55. Qh1 d2 56. Qh7+
Kd6 57. Qd7+ Kc5 58. Qd5+  1-0

[Event "30th 4NCL Congress"]
[Site "Daventry"]
[Date "2023.06.18"]
[Round "4"]
[Board "2"]
[White "Lawrence, Spencer"]
[Black "Spanton, Tim R"]
[Result "1/2-1/2"]
[WhiteElo "1800"]
[BlackElo "1959"]
[PlyCount "65"]
[EventDate "2023.06.16"]
[EventRounds "5"]
[EventCountry "ENG"]

1. d4 d5 2. Nf3 e6 3. g3 Nf6 4. Bg2 Be7 5. O-O O-O 6. c4 c6 7. b3 Nbd7 8. Ba3 Bxa3
9. Nxa3 Qa5 10. Nc2 b6 11. Re1 Bb7 12. b4 Qa4 13. c5 Ne4 14. Qd3 Qa6 15. a4 Qxd3
16. exd3 Nef6 17. Ne5 Rab8 18. a5 Nxe5 19. dxe5 Nd7 20. axb6 axb6 21. d4 Ra8 22.
Bf1 b5 23. f4 Rxa1 24. Rxa1 Ra8 25. Rxa8+ Bxa8 26. g4 f5 27. gxf5 exf5 28. Bd3 g6
29. Kf2 Nf8 30. Ke3 Ne6 31. h4 Bb7 32. Be2 h6 33. Ne1  1/2-1/2

[Event "30th 4NCL Congress"]
[Site "Daventry"]
[Date "2023.06.18"]
[Round "4"]
[Board "3"]
[White "Mozaffari, Mohammad H"]
[Black "Tart, Peter K"]
[Result "1-0"]
[WhiteElo "1929"]
[BlackElo "1968"]
[PlyCount "51"]
[EventDate "2023.06.16"]
[EventRounds "5"]
[EventCountry "ENG"]

1. e4 e5 2. Nf3 Nf6 3. d4 Nxe4 4. dxe5 d5 5. exd6 Bxd6 6. Be2 O-O 7. O-O Qf6 8. c3
Nc6 9. Be3 Bf5 10. Nbd2 Rad8 11. Nxe4 Bxe4 12. Qa4 Rfe8 13. Bg5 Qf5 14. Bxd8 Rxd8
15. Rae1 Ne7 16. Nh4 Qe5 17. g3 Bc6 18. Qd1 Qf6 19. Qd4 Qg5 20. f4 Qa5 21. b4 Qxa2
22. Bc4 Qc2 23. Re2 Qa4 24. Ra2 Qxa2 25. Bxa2 b6 26. Rf2  1-0

[Event "30th 4NCL Congress"]
[Site "Daventry"]
[Date "2023.06.18"]
[Round "4"]
[Board "4"]
[White "Brocklehurst, Andrew"]
[Black "Sheikh, Nasarullah"]
[Result "1-0"]
[WhiteElo "1984"]
[BlackElo "1869"]
[PlyCount "123"]
[EventDate "2023.06.16"]
[EventRounds "5"]
[EventCountry "ENG"]

1. e4 c5 2. Nf3 e6 3. d4 cxd4 4. Nxd4 Nc6 5. Nc3 Qc7 6. a3 a6 7. Be3 Nf6 8. Be2 b5
9. O-O Be7 10. f4 Nxd4 11. Qxd4 d6 12. Rad1 e5 13. fxe5 dxe5 14. Nd5 Qb8 15. Qd3
Nxd5 16. exd5 Bd6 17. b4 Qc7 18. Rc1 O-O 19. c4 bxc4 20. Qxc4 Qxc4 21. Bxc4 Bb7 22.
Bc5 Rad8 23. Rfd1 f5 24. Bb3 Rf6 25. Bb6 Rc8 26. Rxc8+ Bxc8 27. Rc1 Bb7 28. Bc7 Kf8
29. Bd8 Rf7 30. Bb6 g5 31. Bc5 Rf6 32. Bxd6+ Rxd6 33. Rc7 Bxd5 34. Bxd5 Rxd5 35.
Rc6 a5 36. Rf6+ Ke7 37. Rxf5 axb4 38. axb4 h6 39. Rf1 Rb5 40. Rb1 Ke6 41. Kf2 e4
42. Ke3 Ke5 43. g4 Rd5 44. b5 Rd3+ 45. Ke2 Kf4 46. b6 Rd8 47. b7 Rb8 48. Rb4 Kxg4
49. Rxe4+ Kf5 50. Rb4 g4 51. Rb6 Kf4 52. Kf2 h5 53. Rb4+ Kf5 54. Kg3 Kf6 55. Kh4
Kg6 56. Rb5 Kf6 57. Kxh5 Ke6 58. Kxg4 Rg8+ 59. Kh5 Rh8+ 60. Kg6 Rb8 61. Kg7 Kd6 62.
h4  1-0

[Event "30th 4NCL Congress"]
[Site "Daventry"]
[Date "2023.06.18"]
[Round "4"]
[Board "5"]
[White "Gibbs, Dominic V"]
[Black "Sasikumar, Srivathsan"]
[Result "0-1"]
[WhiteElo "1953"]
[BlackElo "1732"]
[PlyCount "96"]
[EventDate "2023.06.16"]
[EventRounds "5"]
[EventCountry "ENG"]

1. e4 c5 2. Nf3 Nc6 3. c3 g6 4. Bd3 Bg7 5. Bc2 e6 6. O-O Nge7 7. d3 O-O 8. Be3 b6
9. Nbd2 d5 10. Re1 Bb7 11. a4 Rc8 12. Qe2 Qd6 13. Rad1 d4 14. Nc4 Qd7 15. cxd4 cxd4
16. Bd2 Rfe8 17. b4 f5 18. e5 Nd5 19. b5 Ncb4 20. Bxb4 Nxb4 21. Bb3 Nd5 22. Qd2 Nc3
23. Rc1 Bf8 24. Nxd4 Qxd4 25. Qxc3 Qxc3 26. Rxc3 Bb4 27. Rcc1 Bxe1 28. Rxe1 Bd5 29.
f3 f4 30. Kf2 Bxc4 31. Bxc4 Kf7 32. Re4 g5 33. g3 fxg3+ 34. hxg3 h5 35. f4 Kg6 36.
fxg5 Kxg5 37. Ke3 Kf5 38. Rf4+ Kxe5 39. Rf7 Ra8 40. Rh7 Rh8 41. Re7 Rh6 42. d4+ Kd6
43. Rg7 h4 44. gxh4 Rxh4 45. Bd3 Rh3+ 46. Kd2 Rf8 47. Be4 Rf2+ 48. Ke1 Ra2  0-1

[Event "30th 4NCL Congress"]
[Site "Daventry"]
[Date "2023.06.18"]
[Round "4"]
[Board "6"]
[White "Reghu, Jyothika Ullukaranparambil"]
[Black "Ashcroft, Graham J"]
[Result "1-0"]
[WhiteElo "1820"]
[BlackElo "1921"]
[PlyCount "79"]
[EventDate "2023.06.16"]
[EventRounds "5"]
[EventCountry "ENG"]

1. e4 e6 2. Nf3 d5 3. Nc3 Nf6 4. e5 Nfd7 5. Bb5 c5 6. Bxd7+ Bxd7 7. O-O Be7 8. d3
O-O 9. Bf4 Nc6 10. Ne2 Rc8 11. c3 f5 12. exf6 Bxf6 13. d4 cxd4 14. cxd4 Be8 15. Ng3
Bg6 16. Rc1 Qb6 17. Be5 Bxe5 18. Nxe5 Nxe5 19. dxe5 Qxb2 20. Rxc8 Rxc8 21. Qa4 Qb6
22. Qg4 Rc2 23. h4 Rb2 24. Qf4 h6 25. Qg4 Kh7 26. Qf3 Rb1 27. Rxb1 Qxb1+ 28. Kh2
Qb6 29. h5 Bb1 30. Qd1 Qb2 31. Qa4 Bxa2 32. Qf4 Bb1 33. Qe3 d4 34. Qf4 a5 35. Ne4
Qe2 36. Ng3 Qc4 37. Qf7 Qd5 38. f4 a4 39. f5 exf5 40. Qxd5  1-0

[Event "30th 4NCL Congress"]
[Site "Daventry"]
[Date "2023.06.18"]
[Round "4"]
[Board "8"]
[White "Wong, Conan"]
[Black "Towers, Nigel S"]
[Result "1/2-1/2"]
[WhiteElo "1427"]
[BlackElo "1818"]
[PlyCount "50"]
[EventDate "2023.06.16"]
[EventRounds "5"]
[EventCountry "ENG"]

1. e4 c6 2. d4 d5 3. Nc3 dxe4 4. Nxe4 Bf5 5. Ng3 Bg6 6. N1e2 e6 7. h4 h6 8. Nf4 Bh7
9. c3 Nf6 10. Ngh5 Nbd7 11. Bd3 Bxd3 12. Nxd3 Nxh5 13. Qxh5 Nf6 14. Qf3 Qd5 15. Qxd5
cxd5 16. Bf4 Be7 17. f3 Rd8 18. Kf2 Bd6 19. Bxd6 Rxd6 20. Ne5 Nd7 21. Rhe1 O-O 22.
Nxd7 Rxd7 23. Ke3 Re8 24. Kd3 Rc7 25. f4 Rce7  1/2-1/2

[Event "30th 4NCL Congress"]
[Site "Daventry"]
[Date "2023.06.18"]
[Round "4"]
[Board "10"]
[White "Potter, Steven"]
[Black "Dos Santos Silva, Bruno Alexandre"]
[Result "1-0"]
[WhiteElo "1902"]
[BlackElo "1786"]
[PlyCount "79"]
[EventDate "2023.06.16"]
[EventRounds "5"]
[EventCountry "ENG"]

1. d4 d5 2. Bg5 f6 3. Bd2 Nc6 4. e3 e5 5. dxe5 fxe5 6. Bb5 Nf6 7. Nc3 Bd6 8. Qe2
O-O 9. O-O-O Be6 10. Nf3 a6 11. Ba4 b5 12. Bb3 Na5 13. Bxd5 Nxd5 14. Nxd5 Nc4 15.
e4 c6 16. Ne3 Qb6 17. Ng5 Bf7 18. Nxf7 Rxf7 19. Nxc4 bxc4 20. Qxc4 Rb8 21. b3 Ba3+
22. Kb1 Qc7 23. Bc1 Bxc1 24. Kxc1 a5 25. f3 Rb4 26. Qe6 h6 27. Rd3 Kh7 28. Rhd1 Rd4
29. Rxd4 exd4 30. Rxd4 Qf4+ 31. Kb1 Rf6 32. Qc4 Qxh2 33. Qe2 Qg1+ 34. Rd1 Qc5 35.
e5 Rg6 36. Qe4 a4 37. Rd6 Qg1+ 38. Kb2 Qxg2 39. e6 Qg3 40. Rxc6  1-0

[Event "30th 4NCL Congress"]
[Site "Daventry"]
[Date "2023.06.18"]
[Round "4"]
[Board "11"]
[White "Dunkley, Michael"]
[Black "Pradhan, Ayan"]
[Result "1-0"]
[WhiteElo "1868"]
[BlackElo "1674"]
[PlyCount "69"]
[EventDate "2023.06.16"]
[EventRounds "5"]
[EventCountry "ENG"]

1. d4 d5 2. Bf4 Nf6 3. e3 e6 4. c3 Be7 5. Nd2 O-O 6. Bd3 Nbd7 7. h3 b6 8. Ngf3 Bb7
9. O-O c5 10. Qe2 Rc8 11. a4 Re8 12. Rfd1 Nf8 13. Ne5 Ng6 14. Bh2 Bd6 15. Ndf3 Qc7
16. Nxg6 Bxh2+ 17. Nxh2 hxg6 18. Nf3 Kf8 19. Ne5 Ke7 20. Qf3 g5 21. Qg3 g4 22. hxg4
Rh8 23. Qf3 Rcf8 24. Qg3 Nd7 25. Ng6+ fxg6 26. Qxc7 Rb8 27. Bb5 Rhd8 28. Bxd7 Kf6
29. Qe5+ Ke7 30. Qxe6+ Kf8 31. Kf1 Ba6+ 32. Ke1 Bc4 33. Kd2 Bb3 34. Rh1 Bc4 35. Rh8#
 1-0

[Event "30th 4NCL Congress"]
[Site "Daventry"]
[Date "2023.06.18"]
[Round "4"]
[Board "12"]
[White "Mehta, Sophie"]
[Black "Bowman, Richard L"]
[Result "1/2-1/2"]
[WhiteElo "1464"]
[BlackElo "1850"]
[PlyCount "43"]
[EventDate "2023.06.16"]
[EventRounds "5"]
[EventCountry "ENG"]

1. d4 Nf6 2. Bf4 b6 3. Nf3 Bb7 4. e3 g6 5. Nbd2 Bg7 6. c3 O-O 7. Be2 d6 8. O-O Nbd7
9. Rc1 Re8 10. Bb5 a6 11. Bc4 b5 12. Bb3 c5 13. dxc5 Nxc5 14. Ng5 Nxb3 15. Qxb3 e6
16. c4 Nh5 17. Nh3 Nxf4 18. exf4 Qa5 19. Rfd1 Rac8 20. a3 Rc5 21. Qa2 Rh5 22. b4
 1/2-1/2

[Event "30th 4NCL Congress"]
[Site "Daventry"]
[Date "2023.06.18"]
[Round "4"]
[Board "13"]
[White "Holmes, Matthew A"]
[Black "Collins, Nigel"]
[Result "1-0"]
[WhiteElo "1845"]
[BlackElo "1516"]
[PlyCount "79"]
[EventDate "2023.06.16"]
[EventRounds "5"]
[EventCountry "ENG"]

1. Nf3 Nf6 2. c4 g6 3. Nc3 Bg7 4. e4 d6 5. d4 O-O 6. Be2 e5 7. O-O Nbd7 8. Re1 b6
9. Bg5 Bb7 10. Bf1 Qc8 11. d5 h6 12. Bc1 Kh7 13. b3 Nc5 14. b4 Ncd7 15. Bb2 a5 16.
a3 axb4 17. axb4 Rxa1 18. Qxa1 Qa8 19. Bd3 Qxa1 20. Rxa1 Ra8 21. Rxa8 Bxa8 22. Nb5
Ne8 23. Bc1 Nb8 24. Ba3 Bf8 25. Nd2 c6 26. Na7 c5 27. b5 Bb7 28. Nb1 Nd7 29. Nc3
Nef6 30. Na4 Ng8 31. Nc6 Ne7 32. Nd8 Bc8 33. Nxf7 Kg7 34. Nxd6 Kf6 35. Bb2 g5 36.
Be2 Bg7 37. Bg4 Kg6 38. Nxc8 Nxc8 39. Bxd7 Ne7 40. Nxb6  1-0

[Event "30th 4NCL Congress"]
[Site "Daventry"]
[Date "2023.06.18"]
[Round "4"]
[Board "15"]
[White "Smith, Andrew PE"]
[Black "Drukarczyk, Kacper"]
[Result "1-0"]
[WhiteElo "1765"]
[BlackElo "1618"]
[PlyCount "71"]
[EventDate "2023.06.16"]
[EventRounds "5"]
[EventCountry "ENG"]

1. e4 Nf6 2. e5 Nd5 3. d4 d6 4. c4 Nb6 5. exd6 cxd6 6. Nc3 g6 7. Be3 Bg7 8. Rc1 O-O
9. b3 Bf5 10. Nf3 Nc6 11. Bd3 Bxd3 12. Qxd3 e6 13. O-O d5 14. c5 Nd7 15. Rfd1 a6
16. a3 Ne7 17. b4 Nf5 18. Bf4 Nb8 19. h3 Nc6 20. Ne2 h6 21. g4 Nfe7 22. Qe3 Kh7 23.
Bd6 Rh8 24. Ne5 Nxe5 25. dxe5 Nc8 26. Qg3 Qd7 27. Nd4 Nxd6 28. exd6 Rac8 29. Nb3
Bb2 30. Rb1 Bxa3 31. Na5 Bxb4 32. Rxb4 Rhf8 33. Rc1 Kg8 34. Qf4 Kg7 35. Rxb7 Qd8
36. d7  1-0

[Event "30th 4NCL Congress"]
[Site "Daventry"]
[Date "2023.06.18"]
[Round "5"]
[Board "1"]
[White "Mozaffari, Mohammad H"]
[Black "Brown, Tom"]
[Result "0-1"]
[WhiteElo "1929"]
[BlackElo "1989"]
[PlyCount "86"]
[EventDate "2023.06.16"]
[EventRounds "5"]
[EventCountry "ENG"]

1. e4 c6 2. d4 d5 3. exd5 cxd5 4. c3 Nc6 5. Bf4 Nf6 6. Nd2 g6 7. Ngf3 Bg7 8. Be2
O-O 9. O-O Bf5 10. a4 Ne4 11. Qb3 Nxd2 12. Nxd2 Qd7 13. a5 Kh8 14. a6 b6 15. Bb5
Rac8 16. Qa4 f6 17. Rac1 e5 18. Bg3 Qe6 19. Rfe1 Bh6 20. Rcd1 e4 21. f3 Bxd2 22.
Rxd2 g5 23. Rde2 Bg6 24. fxe4 Bxe4 25. Rxe4 dxe4 26. d5 Qxd5 27. Rxe4 Ne5 28. Rd4
Qc5 29. Bf2 Qc7 30. h4 g4 31. Bg3 h5 32. Qc2 Nf3+ 33. gxf3 Qxg3+ 34. Kf1 Qxf3+ 35.
Kg1 Qe3+ 36. Kh1 Qxd4 37. Qg6 Qd5+ 38. Kg1 Qf7 39. Qf5 Rc5 40. Qd3 Kg7 41. b3 Qd5
42. Qe3 Rxb5 43. c4 Qc5  0-1

[Event "30th 4NCL Congress"]
[Site "Daventry"]
[Date "2023.06.18"]
[Round "5"]
[Board "2"]
[White "Sasikumar, Srivathsan"]
[Black "Brocklehurst, Andrew"]
[Result "0-1"]
[WhiteElo "1732"]
[BlackElo "1984"]
[PlyCount "42"]
[EventDate "2023.06.16"]
[EventRounds "5"]
[EventCountry "ENG"]

1. e4 c5 2. Nf3 Nc6 3. d4 cxd4 4. Nxd4 e5 5. Nb3 h6 6. Nc3 Nf6 7. Be3 Bb4 8. Bd3
d5 9. exd5 Nxd5 10. Bd2 O-O 11. Nxd5 Qxd5 12. O-O Be6 13. Qe2 Bxd2 14. Nxd2 Rfd8
15. Rfe1 Nb4 16. Rad1 Nxd3 17. cxd3 Qxd3 18. Qxe5 Rd5 19. Qe4 Rad8 20. Qf4 Qc2 21.
Qc4 Qxc4  0-1

[Event "30th 4NCL Congress"]
[Site "Daventry"]
[Date "2023.06.18"]
[Round "5"]
[Board "3"]
[White "Spanton, Tim R"]
[Black "Reghu, Jyothika Ullukaranparambil"]
[Result "1-0"]
[WhiteElo "1959"]
[BlackElo "1820"]
[PlyCount "95"]
[EventDate "2023.06.16"]
[EventRounds "5"]
[EventCountry "ENG"]

1. e4 Nf6 2. e5 Nd5 3. d4 d6 4. c4 Nb6 5. exd6 cxd6 6. Nc3 g6 7. Be3 Bg7 8. Nf3 O-O
9. Be2 Bg4 10. h3 Bf5 11. O-O Nc6 12. Rc1 d5 13. c5 Nc4 14. b3 Nxe3 15. fxe3 Bh6
16. Qd2 e5 17. Nxe5 Nxe5 18. dxe5 d4 19. Qxd4 Qxd4 20. exd4 Be3+ 21. Kh1 Bxc1 22.
Rxc1 a6 23. Bf3 Rab8 24. g4 Bd7 25. Nd5 Kg7 26. Nf6 Rfd8 27. d5 h6 28. c6 bxc6 29.
dxc6 Bxc6 30. Rxc6 Rd2 31. Rxa6 Rf2 32. Bd5 Rc8 33. Kg1 Re2 34. Rc6 Rd8 35. Rc7 Rf8
36. Ne4 Kh8 37. a4 Kg8 38. a5 Ra2 39. b4 Ra1+ 40. Kg2 Rd1 41. b5 Kg7 42. Bc4 h5 43.
g5 h4 44. Nd6 Rd2+ 45. Kf3 Rc2 46. e6 Rc3+ 47. Kf4 Rxh3 48. e7  1-0

[Event "30th 4NCL Congress"]
[Site "Daventry"]
[Date "2023.06.18"]
[Round "5"]
[Board "4"]
[White "Lawrence, Spencer"]
[Black "Cotterill, Sam"]
[Result "1-0"]
[WhiteElo "1800"]
[BlackElo "1899"]
[PlyCount "53"]
[EventDate "2023.06.16"]
[EventRounds "5"]
[EventCountry "ENG"]

1. d4 d5 2. Nf3 Nf6 3. g3 c5 4. c4 dxc4 5. dxc5 Qxd1+ 6. Kxd1 Nc6 7. Na3 c3 8. Nb5
cxb2 9. Bxb2 Kd8 10. Ng5 Be6 11. Nxe6+ fxe6 12. Ke1 a6 13. Rd1+ Kc8 14. Na3 g6 15.
Bh3 Nd8 16. Nc4 Kc7 17. Nb6 Ra7 18. Be5+ Kc6 19. Rxd8 Kxc5 20. Bd4+ Kc6 21. Bxe6
Bg7 22. Rxh8 Bxh8 23. e3 Bg7 24. Ke2 Nh5 25. Rc1+ Kb5 26. Bd7+ Ka5 27. Nc4+  1-0

[Event "30th 4NCL Congress"]
[Site "Daventry"]
[Date "2023.06.18"]
[Round "5"]
[Board "5"]
[White "Foster, James C"]
[Black "Wong, Conan"]
[Result "0-1"]
[WhiteElo "1986"]
[BlackElo "1427"]
[PlyCount "42"]
[EventDate "2023.06.16"]
[EventRounds "5"]
[EventCountry "ENG"]

1. e4 e5 2. Nc3 Nc6 3. g3 Nf6 4. Bg2 Bc5 5. Nge2 d6 6. O-O a6 7. h3 h5 8. Nd5 h4
9. c3 hxg3 10. d4 gxf2+ 11. Rxf2 exd4 12. cxd4 Nxd5 13. exd5 Nxd4 14. Nxd4 Qh4 15.
Re2+ Kf8 16. Re4 Qg3 17. Bf4 Qg6 18. Be3 Bxd4 19. Bxd4 Bxh3 20. Qf3 Rh5 21. Rc1 Bxg2
 0-1

[Event "30th 4NCL Congress"]
[Site "Daventry"]
[Date "2023.06.18"]
[Round "5"]
[Board "7"]
[White "Tart, Peter K"]
[Black "Dunkley, Michael"]
[Result "1-0"]
[WhiteElo "1968"]
[BlackElo "1868"]
[PlyCount "49"]
[EventDate "2023.06.16"]
[EventRounds "5"]
[EventCountry "ENG"]

1. e4 d6 2. d4 Nf6 3. Nc3 e5 4. dxe5 dxe5 5. Qxd8+ Kxd8 6. Bc4 Be6 7. Bxe6 fxe6 8.
Be3 Bd6 9. f3 Nc6 10. O-O-O Ke7 11. h4 h6 12. Nh3 a6 13. Nf2 Nh5 14. Nd3 b6 15. Ne2
Raf8 16. c4 Nf4 17. Nexf4 exf4 18. Bf2 Be5 19. Nxe5 Nxe5 20. Bd4 Kf6 21. h5 Rd8 22.
Bc3 b5 23. b3 b4 24. Ba1 Rd6 25. g3  1-0